[Event "TUR-chT Clubs"]
[Site "Konya"]
[Date "2019.07.20"]
[Round "7.20"]
[White "Mangal, Ali"]
[Black "Kulakli, Ahmet"]
[Result "0-1"]
[WhiteElo "1727"]
[BlackElo "1649"]
[PlyCount "106"]
[EventDate "2019.07.16"]
[EventType "team-swiss"]
[EventRounds "9"]
[EventCountry "TUR"]
[SourceTitle "CBM 191 Extra"]
[Source "ChessBase"]
[SourceDate "2019.09.30"]
[SourceVersion "1"]
[SourceVersionDate "2019.09.30"]
[SourceQuality "1"]
[WhiteTeam "Cedid"]
[BlackTeam "Mersin Zeka"]
[WhiteTeamCountry "TUR"]
[BlackTeamCountry "TUR"]

1. d4 d6 2. c4 e5 3. dxe5 dxe5 4. Qxd8+ Kxd8 5. Nc3 c6 6. Nf3 f6 7. e4 Be6 8. Be2 Nd7 9. 0-0 g5 10. Rd1 Kc7 11. a3 Ne7 12. Be3 Ng6 13. b4 h5 14. b5 Be7 15. Rdc1 Bc5 16. Nd5+ Kd8 17. bxc6 bxc6 18. Bxc5 Nxc5 19. Nxf6 g4 20. Ng5 Bg8 21. g3 Ke7 22. Nxg8+ Raxg8 23. Rc3 Kf6 24. h4 gxh3 25. Nxh3 h4 26. g4 Nf4 27. Nxf4 exf4 28. f3 Ke5 29. a4 a5 30. Rb1 Rb8 31. Rcc1 Rb4 32. Rxb4 axb4 33. Rb1 Rb8 34. a5 Kd4 35. Kf2 Kc3 36. Rc1+ Kb2 37. Rd1 b3 38. Rd6 Kc1 39. Rh6 b2 40. Rxh4 b1Q 41. Rh1+ Kd2 42. Rxb1 Rxb1 43. Bf1 Ra1 44. Bh3 Ne6 45. g5 Nxg5 46. Bd7 c5 47. e5 Re1 48. a6 Re2+ 49. Kf1 Rxe5 50. a7 Re1+ 51. Kf2 Ra1 52. Bc6 Rxa7 53. Bd5 Kc3 0-1

[Event "TUR-chT Clubs"]
[Site "Konya"]
[Date "2019.07.19"]
[Round "6.25"]
[White "Duzgun, Abdurrahman"]
[Black "Kulakli, Ahmet"]
[Result "1/2-1/2"]
[WhiteElo "1621"]
[BlackElo "1649"]
[PlyCount "116"]
[EventDate "2019.07.16"]
[EventType "team-swiss"]
[EventRounds "9"]
[EventCountry "TUR"]
[SourceTitle "CBM 191 Extra"]
[Source "ChessBase"]
[SourceDate "2019.09.30"]
[SourceVersion "1"]
[SourceVersionDate "2019.09.30"]
[SourceQuality "1"]
[WhiteTeam "Nusaybin Dernegi"]
[BlackTeam "Mersin Zeka"]
[WhiteTeamCountry "TUR"]
[BlackTeamCountry "TUR"]

1. e4 c6 2. d4 d5 3. Nc3 dxe4 4. Nxe4 Nd7 5. Bd3 Ngf6 6. Ne2 Nxe4 7. Bxe4 Nf6 8. Bd3 Bg4 9. c3 e6 10. 0-0 Bd6 11. Bg5 Qc7 12. h3 Bh5 13. Qd2 Bg6 14. a4 0-0 15. f4 Ne4 16. Qe3 Nxg5 17. fxg5 e5 18. Bc4 exd4 19. Nxd4 Rfe8 20. Qf3 Re7 21. Nf5 Bxf5 22. Qxf5 g6 23. Qf6 Be5 24. Qf3 Rf8 25. Rac1 Bg7 26. Rcd1 Qa5 27. Qf4 Be5 28. Qg4 a6 29. Kh1 Bb8 30. Rf3 Qc7 31. g3 b5 32. Ba2 Qe5 33. Rdf1 c5 34. h4 c4 35. h5 Qe4 36. Qh3 gxh5 37. Qxh5 Bxg3 38. Bb1 Qh4+ 39. Qxh4 Bxh4 40. Rh3 Re1 41. Rxe1 Bxe1 42. Bxh7+ Kg7 43. Bc2 Rh8 44. Kg2 Rxh3 45. Kxh3 Bd2 46. Kg4 Bc1 47. b3 bxa4 48. bxc4 a3 49. Bb3 Bd2 50. Kf5 Bxc3 51. c5 Bb4 52. c6 Bd6 53. Ba2 a5 54. Bb3 a4 55. Ba2 Bc7 56. Bb1 Bd6 57. Ke4 a2 58. Bxa2 Kg6 1/2-1/2

[Event "TUR-chT Clubs"]
[Site "Konya"]
[Date "2019.07.18"]
[Round "4.14"]
[White "Ozturkler, Baris"]
[Black "Kulakli, Ahmet"]
[Result "1-0"]
[WhiteElo "1966"]
[BlackElo "1649"]
[PlyCount "85"]
[EventDate "2019.07.16"]
[EventType "team-swiss"]
[EventRounds "9"]
[EventCountry "TUR"]
[SourceTitle "CBM 191 Extra"]
[Source "ChessBase"]
[SourceDate "2019.09.30"]
[SourceVersion "1"]
[SourceVersionDate "2019.09.30"]
[SourceQuality "1"]
[WhiteTeam "Akcakoca Esentepe Okulu"]
[BlackTeam "Mersin Zeka"]
[WhiteTeamCountry "TUR"]
[BlackTeamCountry "TUR"]

1. e4 c6 2. Nc3 d5 3. Nf3 Bg4 4. h3 Bxf3 5. Qxf3 Nf6 6. d3 d4 7. Ne2 e5 8. Bd2 Nbd7 9. g4 Nc5 10. Ng3 g6 11. Bg2 Ne6 12. Ne2 h6 13. Qg3 Bd6 14. h4 Qc7 15. 0-0 g5 16. h5 Nf4 17. Rfe1 Nh7 18. c3 c5 19. b4 Nxe2+ 20. Rxe2 dxc3 21. bxc5 Qxc5 22. Be3 Qc7 23. Rc2 b5 24. a3 a5 25. Bd2 Qe7 26. Bxc3 Nf8 27. Qe3 Nd7 28. d4 0-0 29. Bf1 b4 30. axb4 axb4 31. Rxa8 Rxa8 32. Bb2 Qe6 33. f3 Qe7 34. Kg2 Rb8 35. Bc4 Kg7 36. Qb3 Qf6 37. Qe3 Ra8 38. Bd5 Ra6 39. Bc6 b3 40. Rc1 Rxc6 41. Rxc6 Qe6 42. dxe5 Nxe5 43. Qd4 1-0

[Event "TUR-chT Clubs"]
[Site "Konya"]
[Date "2019.07.17"]
[Round "2.14"]
[White "Ozates, Mert"]
[Black "Kulakli, Ahmet"]
[Result "1/2-1/2"]
[WhiteElo "1758"]
[BlackElo "1649"]
[PlyCount "148"]
[EventDate "2019.07.16"]
[EventType "team-swiss"]
[EventRounds "9"]
[EventCountry "TUR"]
[SourceTitle "CBM 191 Extra"]
[Source "ChessBase"]
[SourceDate "2019.09.30"]
[SourceVersion "1"]
[SourceVersionDate "2019.09.30"]
[SourceQuality "1"]
[WhiteTeam "Mugla Mentese Merkez"]
[BlackTeam "Mersin Zeka"]
[WhiteTeamCountry "TUR"]
[BlackTeamCountry "TUR"]

1. Nf3 Nf6 2. b3 e6 3. Bb2 Be7 4. e3 b6 5. Be2 0-0 6. 0-0 Bb7 7. c4 d5 8. Nc3 Nbd7 9. d3 Re8 10. Rc1 c5 11. cxd5 exd5 12. d4 a6 13. dxc5 bxc5 14. Qc2 Rc8 15. Rfd1 Bf8 16. Qb1 h6 17. Bf1 Qb6 18. Na4 Qe6 19. Ne1 Ne4 20. Nd3 Bd6 21. Nc3 Nxc3 22. Bxc3 Nf6 23. Qb2 Ne4 24. Bxg7 Qg6 25. Be5 Bxe5 26. Nxe5 Qg7 27. Nd3 d4 28. Re1 Ng5 29. Kh1 Nf3 30. Re2 Nh4 31. f3 Rxe3 32. Rxe3 dxe3 33. Qxg7+ Kxg7 34. Rxc5 Rd8 35. Re5 Nxf3 36. Rxe3 Nd2 37. Be2 Ne4 38. Kg1 f5 39. Bf3 Kf6 40. Bxe4 Bxe4 41. Nc5 Rd1+ 42. Kf2 Rd2+ 43. Re2 Rxe2+ 44. Kxe2 Bxg2 45. Nxa6 Ke5 46. Nc5 Bc6 47. b4 Kd4 48. a3 Bd5 49. Kf2 f4 50. Ke2 Kc4 51. Kf2 Kd4 52. Nd7 Bc6 53. Nc5 Bd5 54. Na6 Kc4 55. Nc7 Bc6 56. b5 Bb7 57. Ne6 Kxb5 58. Nxf4 Ka4 59. Kg3 Kxa3 60. Kh4 Bf3 61. Nh5 Kb4 62. Nf6 Kc5 63. Ng8 Kd6 64. Nxh6 Ke6 65. Kg5 Be4 66. h4 Bb1 67. h5 Bc2 68. Ng8 Kf7 69. Nf6 Kg7 70. h6+ Kf7 71. Nd5 Bh7 72. Nb6 Bb1 73. Nd7 Bc2 74. Ne5+ Kg8 1/2-1/2

[Event "TUR-chT 2nd League"]
[Site "Konya"]
[Date "2018.07.20"]
[Round "7.15"]
[White "Kabuk, Erdem"]
[Black "Kulakli, Ahmet"]
[Result "0-1"]
[WhiteElo "1775"]
[BlackElo "1637"]
[PlyCount "120"]
[EventDate "2018.07.16"]
[EventType "team-swiss"]
[EventRounds "9"]
[EventCountry "TUR"]
[SourceTitle "EXT 2019"]
[Source "ChessBase"]
[SourceDate "2018.10.10"]
[SourceVersion "1"]
[SourceVersionDate "2018.10.10"]
[SourceQuality "1"]
[WhiteTeam "Genc Efe Izcilik"]
[BlackTeam "Mersin Zeka"]
[WhiteTeamCountry "TUR"]
[BlackTeamCountry "TUR"]

1. Nf3 Nf6 2. c4 e6 3. d4 d5 4. Nc3 Nbd7 5. Bg5 c6 6. cxd5 exd5 7. e3 Bd6 8. Bd3 0-0 9. Qc2 Qc7 10. Rc1 Qb8 11. 0-0 Re8 12. Rfe1 h6 13. Bh4 g5 14. Bg3 Bxg3 15. hxg3 Qd6 16. e4 dxe4 17. Nxe4 Nxe4 18. Bxe4 Nf6 19. Bh7+ Kg7 20. Rxe8 Nxe8 21. Re1 Nf6 22. Bd3 Be6 23. Qe2 Bxa2 24. Qe3 Re8 25. Ne5 Bd5 26. f4 g4 27. f5 Qb4 28. Re2 b5 29. Qf4 Qd6 30. b4 Ra8 31. Rc2 a5 32. bxa5 Rxa5 33. Nxc6 Qxf4 34. gxf4 Bxc6 35. Rxc6 g3 36. Kf1 Ra4 37. Rd6 b4 38. Bc4 Ra1+ 39. Ke2 Rc1 40. Bd3 h5 41. d5 h4 42. Rc6 Ra1 43. Ra6 Rxa6 44. Bxa6 Nxd5 45. Bc4 Ne7 46. Kf3 Nxf5 47. Bd3 Nh6 48. Bc2 Kf6 49. Bb3 Ke7 50. Ke2 Kd6 51. Kf3 f6 52. Ke3 Kc5 53. Be6 f5 54. Bb3 Ng4+ 55. Kf3 Kd4 56. Be6 Nh6 57. Ke2 Kc3 58. Bd5 Kc2 59. Bc4 b3 60. Bd3+ Kc1 0-1

[Event "Mersin op 1st"]
[Site "Mersin"]
[Date "2016.10.27"]
[Round "6"]
[White "Kulakli, Ahmet"]
[Black "Erece, Ece Alkim"]
[Result "1/2-1/2"]
[WhiteElo "1735"]
[BlackElo "1895"]
[PlyCount "81"]
[EventDate "2016.10.23"]
[EventType "swiss"]
[EventRounds "9"]
[EventCountry "TUR"]
[SourceTitle "EXT 2018"]
[Source "ChessBase"]
[SourceDate "2017.10.13"]
[SourceVersion "1"]
[SourceVersionDate "2017.10.13"]
[SourceQuality "1"]

1. d4 Nf6 2. c4 c5 3. d5 e6 4. Nc3 exd5 5. cxd5 d6 6. Nf3 g6 7. Bf4 a6 8. a4 Bg7 9. e3 Bg4 10. Be2 Bxf3 11. Bxf3 0-0 12. 0-0 Qe7 13. Re1 Nbd7 14. Qc2 Rab8 15. Be2 Rfc8 16. h3 c4 17. a5 b5 18. axb6 Rxb6 19. Ra4 Nc5 20. Rxc4 Rcb8 21. Rb1 Nfd7 22. b4 Bxc3 23. Qxc3 Nf6 24. Bf3 a5 25. Kh2 Nfe4 26. Qc2 Rxb4 27. Rbxb4 Rxb4 28. Bxe4 Nxe4 29. Rc8+ Kg7 30. f3 g5 31. fxe4 gxf4 32. Qc3+ Qe5 33. Qxe5+ dxe5 34. exf4 exf4 35. e5 Rd4 36. d6 Rd2 37. Kg1 Kg6 38. Rc5 a4 39. Ra5 Kf5 40. Rxa4 Kxe5 41. Ra7 1/2-1/2

[Event "Troya op 23rd"]
[Site "Canakkale"]
[Date "2015.08.13"]
[Round "7"]
[White "Yerden, Huseyin Eren"]
[Black "Kulakli, Ahmet"]
[Result "1-0"]
[WhiteElo "1683"]
[BlackElo "1771"]
[PlyCount "117"]
[EventDate "2015.08.08"]
[EventType "swiss"]
[EventRounds "9"]
[EventCountry "TUR"]
[SourceTitle "CBM 167 Extra"]
[Source "ChessBase"]
[SourceDate "2015.09.14"]
[SourceVersion "1"]
[SourceVersionDate "2015.09.14"]
[SourceQuality "1"]

1. d4 Nf6 2. c4 e6 3. g3 d5 4. Bg2 Bb4+ 5. Bd2 Be7 6. Nf3 0-0 7. 0-0 c6 8. Qc2 Nbd7 9. a4 a5 10. Na3 Bd6 11. c5 Bc7 12. Bc3 Ne4 13. Nd2 Nxc3 14. bxc3 e5 15. c4 Nf6 16. dxe5 Bxe5 17. Rab1 d4 18. Nf3 Qe7 19. Qb2 Qxc5 20. e3 Bd6 21. Nc2 d3 22. Ncd4 Qxc4 23. Ra1 Re8 24. Rfd1 Bb4 25. Rac1 Qa6 26. Qb3 d2 27. Nxd2 Be6 28. Nxe6 Rxe6 29. Nf3 h6 30. Nd4 Rd6 31. Nf5 Rxd1+ 32. Rxd1 Qe2 33. Nd4 Qg4 34. Bf3 Qh3 35. Bg2 Qg4 36. Bf3 Qg5 37. Nc2 Qf5 38. Nd4 Qc5 39. Nc2 Rc8 40. Rb1 Qf5 41. Nd4 Qd7 42. Rd1 Qe8 43. Nc2 Qe6 44. Qb2 Qe7 45. Qd4 Bc5 46. Qc3 b6 47. Nd4 Bxd4 48. exd4 Qd7 49. Rc1 Nd5 50. Qb3 Nb4 51. Qe3 b5 52. axb5 cxb5 53. Rxc8+ Qxc8 54. d5 Qd7 55. Qc5 Na6 56. Qb6 Nb4 57. d6 Qf5 58. Qe3 Nd5 59. Qe8+ 1-0

[Event "Troya op 23rd"]
[Site "Canakkale"]
[Date "2015.08.12"]
[Round "6"]
[White "Kulakli, Ahmet"]
[Black "Guzel, Fatih"]
[Result "1/2-1/2"]
[WhiteElo "1771"]
[BlackElo "1916"]
[PlyCount "105"]
[EventDate "2015.08.08"]
[EventType "swiss"]
[EventRounds "9"]
[EventCountry "TUR"]
[SourceTitle "CBM 167 Extra"]
[Source "ChessBase"]
[SourceDate "2015.09.14"]
[SourceVersion "1"]
[SourceVersionDate "2015.09.14"]
[SourceQuality "1"]

1. d4 Nf6 2. Nf3 e6 3. Bg5 c5 4. Bxf6 Qxf6 5. e3 b6 6. Be2 Bb7 7. 0-0 Be7 8. Nbd2 cxd4 9. exd4 0-0 10. c3 Qg6 11. Nc4 d6 12. Re1 Be4 13. Bf1 Nd7 14. Qe2 Nf6 15. Ncd2 Bb7 16. Qd3 Qg5 17. c4 Rfe8 18. h3 Qh5 19. Qc3 Rac8 20. b4 b5 21. c5 Nd5 22. Qb3 a6 23. Ne4 Red8 24. Ng3 Qh6 25. a3 Bf6 26. Ne4 Be7 27. Rad1 Nf4 28. cxd6 Bxd6 29. Nxd6 Rxd6 30. Ne5 Qg5 31. g3 Nd5 32. Rd3 Nb6 33. Bg2 Bxg2 34. Kxg2 Nd5 35. Rf3 Nf6 36. Qd3 Rcd8 37. Rf4 h5 38. h4 Qh6 39. Qf3 Rc8 40. Qb7 Rf8 41. Nxf7 Qxf4 42. gxf4 Rd7 43. Qxa6 Rdxf7 44. Qxb5 Nd5 45. Qa6 Nxf4+ 46. Kg3 Rf6 47. Re5 Ng6 48. Re3 Nf4 49. f3 Rg6+ 50. Kf2 Rg2+ 51. Ke1 Rc2 52. Kf1 Rfc8 53. Qd6 1/2-1/2

[Event "Troya op 23rd"]
[Site "Canakkale"]
[Date "2015.08.09"]
[Round "2"]
[White "Kulakli, Ahmet"]
[Black "Demirbag, Alihan"]
[Result "0-1"]
[WhiteElo "1771"]
[BlackElo "1894"]
[PlyCount "87"]
[EventDate "2015.08.08"]
[EventType "swiss"]
[EventRounds "9"]
[EventCountry "TUR"]
[SourceTitle "CBM 167 Extra"]
[Source "ChessBase"]
[SourceDate "2015.09.14"]
[SourceVersion "1"]
[SourceVersionDate "2015.09.14"]
[SourceQuality "1"]

1. d4 d6 2. g3 Nf6 3. Bg2 c6 4. Nf3 Bg4 5. Nbd2 Qc7 6. c3 e5 7. dxe5 dxe5 8. e4 Be7 9. 0-0 0-0 10. Qc2 Nbd7 11. Nc4 Rfe8 12. Bg5 h6 13. Bxf6 Bxf6 14. Rad1 Be7 15. b4 b5 16. Ne3 Be6 17. h4 a5 18. a3 Nb6 19. Ra1 c5 20. Rfd1 cxb4 21. axb4 axb4 22. Rxa8 Rxa8 23. Nd5 Bxd5 24. exd5 bxc3 25. Nd2 Bd6 26. Ne4 b4 27. Bf1 Nc8 28. g4 Be7 29. g5 hxg5 30. hxg5 Nd6 31. Nxd6 Qxd6 32. Bd3 Bxg5 33. Qb3 Bf4 34. Qc4 Qd7 35. Kf1 Qh3+ 36. Ke2 Qg4+ 37. Ke1 Bd2+ 38. Kf1 Qxd1+ 39. Kg2 g6 40. d6 Ra1 41. Qc8+ Kg7 42. Qh3 Qh1+ 43. Qxh1 Rxh1 44. Kxh1 0-1

[Event "Troya op 23rd"]
[Site "Canakkale"]
[Date "2015.08.08"]
[Round "1"]
[White "Tahaoglu, Ugur Barkin"]
[Black "Kulakli, Ahmet"]
[Result "1-0"]
[WhiteElo "1924"]
[BlackElo "1771"]
[PlyCount "104"]
[EventDate "2015.08.08"]
[EventType "swiss"]
[EventRounds "9"]
[EventCountry "TUR"]
[SourceTitle "CBM 167 Extra"]
[Source "ChessBase"]
[SourceDate "2015.09.14"]
[SourceVersion "1"]
[SourceVersionDate "2015.09.14"]
[SourceQuality "1"]

1. d4 d5 2. c4 dxc4 3. Nf3 Nf6 4. e3 Bg4 5. Bxc4 Bxf3 6. Qxf3 c6 7. Nc3 e6 8. 0-0 Nbd7 9. Rd1 Be7 10. a3 0-0 11. b4 Nb6 12. Bd3 Nbd5 13. Bb2 Nxc3 14. Bxc3 Nd5 15. Bd2 Nc7 16. Be1 f5 17. b5 Qd5 18. bxc6 bxc6 19. Rdc1 Qxf3 20. gxf3 c5 21. dxc5 Kf7 22. e4 g6 23. Ba5 Rfc8 24. Rab1 Bg5 25. Rc2 Bf4 26. Rb7 Kf6 27. h4 h5 28. Bc3+ Be5 29. f4 Bxc3 30. Rxc3 e5 31. fxe5+ Kxe5 32. exf5 gxf5 33. Be2 Nd5 34. Rc2 Rab8 35. Rxb8 Rxb8 36. c6 Rg8+ 37. Kf1 Rg7 38. Bf3 Nc7 39. Rc5+ Kf4 40. Bxh5 Ne6 41. Rc4+ Ke5 42. Be8 Nc7 43. Bd7 f4 44. f3 Rh7 45. Re4+ Kd6 46. Rxf4 Rh5 47. Kg2 Nd5 48. Ra4 a5 49. Kg3 Nf6 50. Rf4 Nxd7 51. cxd7 Kxd7 52. Kg4 Rb5 1-0